| 000 | 00439nam a22001691a 4500 | ||
|---|---|---|---|
| 020 | _a9788171193011 | ||
| 082 |
_aH 934.01 _bBHA/H |
||
| 100 | _aBhagwan Singh | ||
| 245 |
_aHarappa sabhyatha aur vedic sahitya/ _cby Bhagwan Singh |
||
| 260 |
_aNew Delhi: _bRadhakrishna, _c1997. |
||
| 300 | _a649p. | ||
| 650 | _aHistory Vedic Period | ||
| 650 | _aHistory Harappa | ||
| 650 | _aHistory India Ancient | ||
| 650 | _aHistory | ||
| 942 | _cBK | ||
| 999 |
_c17074 _d17074 |
||